Diccionario mexicano de seguros

Detalles Bibliográficos
Autor principal: Ocampo Castaąres, Aldo Još
Otros Autores: ℓngeles Ayala, Diana Karina
Formato: eBook
Lenguaje:español
Publicado: Ciudad de Mx̌ico: Ocampo 1890 S.C., 2020
Materias:
Acceso en línea:Acceso restringido

MARC

LEADER 00000nam a22000007a 4500
005 20221003213642.0
007 cr|||| |||
008 221003s2020 mx |||||s|||| 00||0 spa d
035 |a 37266 
040 |a vLex 
090 |c 14012  |d 14012 
100 1 |a Ocampo Castaąres, Aldo Još 
245 1 0 |a Diccionario mexicano de seguros  |h [Recurso electrn̤ico] /  |c Aldo Jos ̌Ocampo Castaąres, Diana Karina ℓngeles Ayala 
256 |a Servicio en ln̕ea 
260 |a Ciudad de Mx̌ico:  |b Ocampo 1890 S.C.,  |c 2020 
300 |a 1 recurso electrn̤ico 
500 |a "El DICCIONARIO MEXICANO DE SEGUROS, es una herramienta editada por Ocampo 1890, S. C., para dar soporte a todos aquellos que de alguna manera estǹ involucrados con seguros, reaseguro y fianzas, que ha sido desarrollada por primera vez por Aldo Ocampo y Diana ℓngeles, en base a la experiencia que tienen en la prc̀tica cotidiana, incluyendo el litigio. Por tanto, el DICCIONARIO MEXICANO DE SEGUROS est ̀desarrollado en precedentes y tesis de jurisprudencia publicados en el Semanario Judicial de la Suprema Corte de Justicia de la Nacin̤, por lo que puede ser utilizado por impartidores de justicia para sustentar sus resoluciones. Tambiň, esta obra define la terminologa̕ de acuerdo a las acepciones que el propio mercado de seguros, reaseguro y fianzas mexicano ha adoptado a travš del tiempo. Lo que en Mx̌ico puede tener un significado, en otro pas̕ de lengua hispana puede tener otro significado, por lo que ante la globalizacin̤ de la actividad aseguradora y reaseguradora, resulta fundamental tener precisos los třminos aplicables a los contratos. Es importante mencionar que esta obra puede ser considerada como complementaria del Diccionario Mapfre de Seguros, que ha sido el parteaguas para la industria aseguradora desarrollada en base al habla hispana, puesto que los třminos que en el DICCIONARIO MEXICANO DE SEGUROS se definen, tienen acepciones diferentes. Finalmente, es importante mencionar que el DICCIONARIO MEXICANO DE SEGUROS es temt̀ico en cuanto a que los autores desarrollan los temas en donde ms̀ informacin̤ han tenido por haber participado en casos en los que se hayan expuesto, de alguna manera, los třminos definidos." 
506 1 |a Disponible solo en los productos indicados  |d vLex Global  |d vLex Global (Academic Edition, excluding Law Schools)  |d vLex Global (U.S. Academic Edition, Law Schools)  |d vLex Global (U.S. Academic Edition, excluding Law Schools)  |d vLex Global (Academic Edition, Law Schools) 
650 0 4 |a Seguros  |z Mx̌ico 
700 1 |a ℓngeles Ayala, Diana Karina 
740 0 |a vLex Libros (Servicio en ln̕ea) 
856 4 0 |u https://app.vlex.com/#/sources/37266  |z Acceso restringido 
942 |c BOOK 
999 0 |a Insurance